🚨 Red Map Quiz - Name Asia Countries - Statistics

General Stats
  • This quiz has been taken 72 times
  • The average score is 47 of 48
Answers on the Map
Answers color-coded by a green-red scale on the quiz's map according to % correct below.
 
Answer Stats
Answer % Correct
Afghanistan
100%
Azerbaijan
100%
Bangladesh
100%
Cambodia
100%
China
100%
India
100%
Indonesia
100%
Iran
100%
Iraq
100%
Japan
100%
Jordan
100%
Kazakhstan
100%
Kuwait
100%
Kyrgyzstan
100%
Laos
100%
Malaysia
100%
Myanmar
100%
Nepal
100%
North Korea
100%
Oman
100%
Pakistan
100%
Philippines
100%
Saudi Arabia
100%
South Korea
100%
Sri Lanka
100%
Syria
100%
Tajikistan
100%
Turkey
100%
Turkmenistan
100%
United Arab Emirates
100%
Uzbekistan
100%
Vietnam
100%
Yemen
100%
Bahrain
98%
Bhutan
98%
Cyprus
98%
Georgia
98%
Israel
98%
Lebanon
98%
Maldives
98%
Mongolia
98%
Qatar
98%
Singapore
98%
Thailand
98%
Armenia
95%
Taiwan
95%
East Timor
93%
Brunei
88%
No matching quizzes found
Score Distribution
Percent of People with Each Score
Percentile by Number Answered
Your Score History
You have not taken this quiz